000 02926nam a22004333i 4500
001 EBC6647951
003 MiAaPQ
005 20211004204233.0
007 cr cnu||||||||
008 210922s2021 xx o ||||0 ger d
020 _a9783835347281
_q(electronic bk.)
020 _z9783835350113
040 _aMiAaPQ
_beng
_cMiAaPQ
041 _ager
100 1 _aSiegfried, Detlef.
245 1 0 _aBogensee :
_bWeltrevolution in der DDR 1961-1989.
264 1 _aGöttingen :
_bWallstein Verlag,
_c2021.
264 4 _c{copy}2021.
300 _a1 online resource (297 pages)
336 _aText
_btxt
_2rdacontent
337 _aComputermedien
_bc
_2rdamedia
338 _aOnline Resource
_bcr
_2rdacarrier
500 _aE-Book-ProQuest / Fernzugriff nach Registrierung möglich
505 0 _aUmschlag -- Titel -- Impressum -- Inhalt -- Einleitung -- Das fremde Land -- Rekrutierung und Vorbereitung -- Sommerlager und Studiendelegationen. DDR-Vorerfahrungen -- Die DDR als Schnittstelle internationaler Begegnung -- Die Sprache -- Eine andere Mentalität: Ordnungs- und Konsumdenken -- Auf Abstand. Orte der (Nicht-)Begegnung -- Lernen und Linie -- Fächer und Stoff -- Die Anziehungskraft des Marxismus -- Das lange 1956. Linie und Kritik -- Individualismus, westlicher Marxismus, Geschichte -- Die Dozenten -- Mangel an Nationalspezifik -- Exkurs: Tücken der Erinnerung -- Die Internationale -- FDJler und Internationale -- Der Internationale Lehrgang -- Dänen und Westdeutsche -- Imagined Community: Das große Wir -- Divergenzen der Anerkennung -- Latinos und Afrikaner. Politik und »Rasse« -- Die afrikanische Kondition. »Diskriminierung« und Sexualität -- Politisierung des Privaten -- Sexualdisziplinierung von oben und unten -- Pernilles Privatleben. Ein dänischer Fall -- Schulregime und Pragmatismus der DKU-Führung -- Henrik und Luci - eine dänisch-ostdeutsche Liebe -- Verschiebungen im Verhältnis von Kollektiv und Individuum -- Big Brother Watching -- Gorbatschow und das Ende -- Zweifel an der DDR, Krise in den kommunistischen Verbänden -- Volle Fahrt Richtung Perestroika -- Englisch statt Deutsch. Konflikte zwischen DKU und FDJ -- Eskalation im letzten DKU-Lehrgang 1988/89 -- Fazit -- Abkürzungen -- Quellen und Literatur -- Abbildungsnachweis -- Länder-, Organisations- und Personenregister.
610 _aJugendhochschule Wilhelm Pieck
648 _a1961-1989
650 _aDänen
650 _aStudent
650 _aSommerkurs
650 _aKommunismus
650 _aMarxismus-Leninismus
650 _aSommerkurs
651 _aDeutschland (DDR)
655 4 _aElectronic books.
655 _aFernzugriff
776 0 8 _iPrint version:
_aSiegfried, Detlef
_tBogensee
_dGöttingen : Wallstein Verlag,c2021
_z9783835350113
856 4 0 _uhttps://ebookcentral.proquest.com/lib/maxweberstiftung-ebooks/detail.action?docID=6647951
_zVolltext
942 _cEB
_2z
999 _c57756
_d57756